[Event "Caioba Telecom op"]
[Site "Caioba"]
[Date "2017.09.29"]
[Round "4"]
[White "Serafim Junior, Arnor"]
[Black "Osipi, Jair"]
[Result "0-1"]
[WhiteElo "1864"]
[BlackElo "2171"]
[PlyCount "98"]
[EventDate "2017.09.28"]
[EventType "swiss"]
[EventRounds "8"]
[EventCountry "BRA"]
[SourceTitle "EXT 2018"]
[Source "ChessBase"]
[SourceDate "2017.10.13"]
[SourceVersion "1"]
[SourceVersionDate "2017.10.13"]
[SourceQuality "1"]

1. Nf3 Nf6 2. g3 g6 3. Bg2 Bg7 4. 0-0 0-0 5. c4 c5 6. Nc3 Nc6 7. d4 cxd4 8. Nxd4 Nxd4 9. Qxd4 d6 10. Qd3 Nd7 11. b3 Ne5 12. Qd2 Rb8 13. Bb2 Bd7 14. Rfd1 Bc6 15. Nd5 Re8 16. Rab1 a6 17. Bd4 Nd7 18. Bxg7 Kxg7 19. e4 b5 20. Nb4 Bb7 21. cxb5 axb5 22. Rbc1 Qb6 23. Nd5 Bxd5 24. exd5 b4 25. Qd4+ Qxd4 26. Rxd4 Rb7 27. Rcc4 Reb8 28. f4 Nc5 29. g4 Ra7 30. Rxb4 Rxb4 31. Rxb4 Rxa2 32. Bf1 Rb2 33. g5 Rxb3 34. Rxb3 Nxb3 35. Kf2 Nc5 36. Ke3 h6 37. h4 hxg5 38. hxg5 Kf8 39. Bb5 e6 40. Kd4 Ke7 41. Bc6 Nb3+ 42. Kc3 Nc5 43. Kd4 Nd7 44. Ke4 f5+ 45. Ke3 e5 46. Bb5 Nb6 47. Bc6 Nc8 48. Bb5 Kd8 49. Bc6 Ne7 0-1

[Event "Caioba Telecom op"]
[Site "Caioba"]
[Date "2017.09.28"]
[Round "1"]
[White "Osipi, Jair"]
[Black "Dutra, Liliam Guedes"]
[Result "1-0"]
[WhiteElo "2171"]
[BlackElo "1573"]
[PlyCount "55"]
[EventDate "2017.09.28"]
[EventType "swiss"]
[EventRounds "8"]
[EventCountry "BRA"]
[SourceTitle "EXT 2018"]
[Source "ChessBase"]
[SourceDate "2017.10.13"]
[SourceVersion "1"]
[SourceVersionDate "2017.10.13"]
[SourceQuality "1"]

1. d4 d5 2. c4 e6 3. Nc3 Nf6 4. Nf3 Be7 5. e3 0-0 6. Bd3 c5 7. 0-0 Nbd7 8. b3 b6 9. Bb2 Bb7 10. Qe2 Ne4 11. Rfd1 Ndf6 12. cxd5 Nxc3 13. Bxc3 exd5 14. Qb2 Qc7 15. dxc5 bxc5 16. Be5 Qb6 17. Rac1 h6 18. Nh4 Rfd8 19. Nf5 Bf8 20. Nxh6+ gxh6 21. Bxf6 Rd6 22. Be5 Re6 23. Bf5 Rc6 24. Qe2 f6 25. Qg4+ Bg7 26. Bf4 Qb4 27. Rxd5 Ba6 28. Rd7 1-0

[Event "Cordeiropolis Levy Cup 3rd"]
[Site "Cordeiropolis"]
[Date "2017.06.04"]
[Round "5"]
[White "Osipi, Jair"]
[Black "Matsuura, Everaldo"]
[Result "0-1"]
[WhiteElo "2175"]
[BlackElo "2462"]
[PlyCount "60"]
[EventDate "2017.06.02"]
[EventType "swiss"]
[EventRounds "6"]
[EventCountry "BRA"]
[SourceTitle "CBM 178 Extra"]
[Source "ChessBase"]
[SourceDate "2017.06.22"]
[SourceVersion "1"]
[SourceVersionDate "2017.06.22"]
[SourceQuality "1"]

1. d4 d5 2. c4 e6 3. Nc3 c6 4. Nf3 Nf6 5. Bg5 h6 6. Bh4 dxc4 7. e4 g5 8. Bg3 b5 9. Ne5 h5 10. f3 h4 11. Bf2 Bb7 12. Qd2 Nbd7 13. Nxd7 Nxd7 14. Be3 Rg8 15. Be2 a6 16. g3 Qa5 17. Rg1 h3 18. Kf2 g4 19. Rgf1 0-0-0 20. Qc2 gxf3 21. Bxf3 c5 22. Rad1 cxd4 23. Bxd4 Bc5 24. Bxc5 Nxc5 25. Kg1 Rxd1 26. Bxd1 f5 27. exf5 Nd3 28. fxe6 Qb6+ 29. Rf2 Nxf2 30. Qxf2 Rxg3+ 0-1